| 000 | 00439nam a2200169Ia 4500 | ||
|---|---|---|---|
| 001 | 66218 | ||
| 008 | 231116n ii |||gr||||Z||||||asm | ||
| 082 | _a615.538 | ||
| 100 | _aPhukan, D P. | ||
| 245 | 0 |
_aAamar Banausadhi _cBy Deva Prasad Phukan _hTextual Documents |
|
| 250 | _aFirst. | ||
| 260 |
_aGhy: _bSurja Kr Bhuyan Road, _c1998. |
||
| 300 |
_a82pg: _c23cm. |
||
| 653 | _aAamar Banausadhi | ||
| 653 | _aG-Gift Alm | ||
| 942 |
_2ddc _cBK |
||
| 999 |
_c67311 _d67311 |
||